| 000 | nam a22 7a 4500 | ||
|---|---|---|---|
| 999 |
_c144785 _d144783 |
||
| 005 | 20181002085650.0 | ||
| 008 | 181002b enk||||| |||| 00| 0 eng d | ||
| 020 | _a9780198716990 | ||
| 050 | 0 | 4 |
_aQH541.15.M63 _bR69 2008 |
| 100 | 1 | _aRowe, Graham. | |
| 245 | 1 | 3 |
_aAn introduction to molecular ecology _c/ Graham Rowe, Michael Sweet, Trevor J. C. Beebee. |
| 250 | _a3a ed. | ||
| 260 |
_aOxford ; _aNew York : _bOxford University Press, _c2008. |
||
| 300 |
_aviii, 535 p. : _bil. ; _c27 cm. |
||
| 504 | _aBibliografía : p. 472-518 e índice. | ||
| 650 | 4 | _aEcología molecular | |
| 700 | 1 |
_aSweet, Michael, _eautor |
|
| 700 | 1 |
_aBeebee, Trevor, _eautor |
|
| 942 |
_2lcc _cLIB |
||